000 00727nas a2200265 4500
001 BR9206561
003 BR-BrBNA
005 20231205092934.0
007 ta
008 230509b bl.|||p| |||| 00| 00por d
040 _aBR-BrBNA
_bpor
_cBiblioteca Nacional de Agricultura
041 _a(Pt)
072 _aL50
100 1 _aTonhati, H.
100 1 _aSilva, R.G.
100 1 _aBaracat, R.S.
100 1 _aCosta, M.J.R.P.
245 1 _aPolimorfismo de hemoglobina em bufalo
650 _aBUFALO
650 _aHEMOGLOBINA
650 _aELETROFORESE
773 0 _tARS Veterinaria (Brazil)
_xISSN 0102-6380
_g(Jun 1988), v. 4(1) p. 77-81
_wBR9206561
909 _a202311
_bLúcia
_c55
_dLúcia Elande
942 _2AGRIS
_n0
_cANA
999 _c135245
_d135245